000
00293nam a22001337a 4500
003
SGT
082
_a
954.034
_b
M98R
100
_a
ROLAM, ROMA
245
_a
MAHATMA GANDHI:JEEVAN AUR DARSHAN
260
_a
INDIA
_b
LOKBHARTI
_c
1998
300
_a
187
650
_a
MAHATMA GANDHI
942
_2
ddc
_c
BK
999
_c
26016
_d
26016